000
00247nam a2200109Ia 4500
008
190216s9999||||xx |||||||||||||| ||und||
100
_a
Readers Digest Association
245
0
_a
Know Your Body
260
_b
R B I
650
_a
English
942
_c
BK
999
_c
13479
_d
13479